[Event "BCF-chT4S 1920 (4NCL)"]
[Site "England"]
[Date "2020.02.09"]
[Round "6.74"]
[White "Mize, Dylan"]
[Black "Mashayekh, Majid"]
[Result "0-1"]
[WhiteElo "1780"]
[BlackElo "1875"]
[PlyCount "92"]
[EventDate "2019.11.09"]
[EventType "team-swiss"]
[EventRounds "11"]
[EventCountry "ENG"]
[SourceTitle "EXT 2022"]
[Source "ChessBase"]
[SourceDate "2021.10.06"]
[SourceVersion "1"]
[SourceVersionDate "2021.10.06"]
[SourceQuality "1"]
[WhiteTeam "All Anands on Deck"]
[BlackTeam "CSC III"]
[WhiteTeamCountry "ENG"]
[BlackTeamCountry "ENG"]

1. d4 Nf6 2. c4 e6 3. Nf3 Bb4+ 4. Bd2 Qe7 5. a3 Bxd2+ 6. Qxd2 d6 7. Nc3 0-0 8. e4 e5 9. d5 Nbd7 10. b4 a5 11. Rc1 axb4 12. axb4 Nb6 13. Bd3 Nh5 14. 0-0 Bg4 15. Qe3 Nf4 16. Rfd1 Na4 17. Bf1 Nxc3 18. Qxc3 f5 19. h3 Bh5 20. g3 fxe4 21. Nd2 Bxd1 22. Rxd1 Qg5 23. Nxe4 Qg6 24. Qe3 Qh5 25. g4 Qg6 26. Ng3 Qc2 27. Rc1 Qb2 28. c5 Ra1 29. Rxa1 Qxa1 30. Nf5 g6 31. Nh4 dxc5 32. bxc5 Qd4 33. Qxd4 exd4 34. Bc4 Kg7 35. Kh2 Rd8 36. Nf3 d3 37. Kg3 Ne2+ 38. Kg2 h6 39. Kf1 Nf4 40. Nd4 Kf6 41. Ke1 Nxd5 42. Kd2 Nf4 43. Ke3 d2 44. Bb3 Nxh3 45. f3 Rxd4 46. Kxd4 Nf2 0-1

[Event "EUR-chT Seniors 50"]
[Site "Mali Losinj"]
[Date "2019.09.21"]
[Round "4.6"]
[White "Mashayekh, Majid"]
[Black "Wagner Michel, Annett"]
[Result "1/2-1/2"]
[WhiteElo "1875"]
[BlackElo "2055"]
[PlyCount "66"]
[EventDate "2019.09.18"]
[EventType "team-swiss"]
[EventRounds "9"]
[EventCountry "CRO"]
[SourceTitle "EXT 2020"]
[Source "ChessBase"]
[SourceDate "2019.10.17"]
[SourceVersion "1"]
[SourceVersionDate "2019.10.17"]
[SourceQuality "1"]
[WhiteTeam "England 50 II"]
[BlackTeam "Germany (Women) 50"]
[WhiteTeamCountry "ENG"]
[BlackTeamCountry "GER"]

1. d4 d5 2. Nf3 Nf6 3. c4 e6 4. Nc3 Be7 5. Bg5 h6 6. Bh4 0-0 7. Qc2 Nc6 8. e3 a6 9. Ne5 Nxe5 10. dxe5 Ne4 11. Bxe7 Qxe7 12. Bd3 Nxc3 13. Qxc3 c5 14. 0-0 dxc4 15. Qxc4 Rb8 16. Rac1 b6 17. Be4 Bb7 18. Bxb7 Qxb7 19. Rfd1 Rfd8 20. f3 Rd5 21. Rxd5 exd5 22. Qd3 Rd8 23. f4 g6 24. e6 f5 25. g4 fxg4 26. Qxg6+ Qg7 27. Qh5 Kf8 28. Rd1 d4 29. e4 d3 30. e5 Ke7 31. Qh4+ Ke8 32. Qh5+ Ke7 33. Qh4+ Ke8 1/2-1/2

[Event "EUR-chT Seniors 50"]
[Site "Mali Losinj"]
[Date "2019.09.20"]
[Round "3.5"]
[White "Wegerer, Fred"]
[Black "Mashayekh, Majid"]
[Result "1-0"]
[WhiteElo "2171"]
[BlackElo "1875"]
[PlyCount "69"]
[EventDate "2019.09.18"]
[EventType "team-swiss"]
[EventRounds "9"]
[EventCountry "CRO"]
[SourceTitle "EXT 2020"]
[Source "ChessBase"]
[SourceDate "2019.10.17"]
[SourceVersion "1"]
[SourceVersionDate "2019.10.17"]
[SourceQuality "1"]
[WhiteTeam "Steiermark 50"]
[BlackTeam "England 50 II"]
[WhiteTeamCountry "AUT"]
[BlackTeamCountry "ENG"]

1. c4 Nf6 2. g3 e6 3. Bg2 d5 4. Nf3 Be7 5. d4 0-0 6. cxd5 exd5 7. Nc3 c6 8. Qc2 Bg4 9. 0-0 Qc8 10. Bf4 Nh5 11. Bd2 Na6 12. Rac1 Bh3 13. Qb3 Nc7 14. Bxh3 Qxh3 15. Qxb7 Bd6 16. Qxc6 Rad8 17. Nb5 Nxb5 18. Qxb5 Bb8 19. Qd3 h6 20. Ne1 Nf6 21. Bf4 Bxf4 22. gxf4 Qg4+ 23. Ng2 Rfe8 24. Rc2 Rb8 25. Rfc1 Re7 26. Qg3 Rxe2 27. Qxg4 Rxc2 28. Qd1 Rcxb2 29. Ne3 Rxa2 30. Rc2 Ra3 31. Qc1 Rab3 32. Rc8+ Kh7 33. Rxb8 Rxb8 34. Kg2 Rb4 35. Qc5 1-0

[Event "EUR-chT Seniors 50"]
[Site "Mali Losinj"]
[Date "2019.09.19"]
[Round "2.4"]
[White "Mashayekh, Majid"]
[Black "Pastor Alonso de Prado, Emilio Alberto"]
[Result "0-1"]
[WhiteElo "1875"]
[BlackElo "2010"]
[PlyCount "58"]
[EventDate "2019.09.18"]
[EventType "team-swiss"]
[EventRounds "9"]
[EventCountry "CRO"]
[SourceTitle "EXT 2020"]
[Source "ChessBase"]
[SourceDate "2019.10.17"]
[SourceVersion "1"]
[SourceVersionDate "2019.10.17"]
[SourceQuality "1"]
[WhiteTeam "England 50 II"]
[BlackTeam "Spain 50"]
[WhiteTeamCountry "ENG"]
[BlackTeamCountry "ESP"]

1. d4 d5 2. Nf3 Nf6 3. c4 e6 4. Nc3 Be7 5. Bg5 h6 6. Bh4 0-0 7. Qc2 b6 8. cxd5 exd5 9. e3 c5 10. dxc5 bxc5 11. Rd1 Be6 12. Be2 Nc6 13. a3 Qa5 14. 0-0 Rfd8 15. Bg3 Rac8 16. Bb5 Ne4 17. Nxe4 Qxb5 18. Nc3 Qb7 19. Qe2 d4 20. exd4 Nxd4 21. Nxd4 cxd4 22. Ne4 Bc4 23. Qf3 Qxb2 24. Rd2 Qxa3 25. Qxa3 Bxa3 26. Ra1 Bb4 27. Rdd1 a5 28. f3 f5 29. Nf2 Be2 0-1

[Event "BCF-chT3S 1819 (4NCL) Demotion pool"]
[Site "England"]
[Date "2019.05.05"]
[Round "10.86"]
[White "Mashayekh, Majid"]
[Black "Pack, James"]
[Result "1-0"]
[WhiteElo "1902"]
[BlackElo "1862"]
[PlyCount "99"]
[EventDate "2019.04.14"]
[EventType "team-tourn"]
[EventRounds "11"]
[EventCountry "ENG"]
[SourceTitle "EXT 2021"]
[Source "ChessBase"]
[SourceDate "2020.10.23"]
[SourceVersion "1"]
[SourceVersionDate "2020.10.23"]
[SourceQuality "1"]
[WhiteTeam "CSC Dragons II"]
[BlackTeam "Iceni II"]
[WhiteTeamCountry "ENG"]
[BlackTeamCountry "ENG"]

1. d4 d6 2. e4 Nf6 3. Nc3 e5 4. Nf3 Nbd7 5. Bc4 Be7 6. 0-0 c6 7. a4 0-0 8. h3 Qc7 9. dxe5 dxe5 10. Qe2 Nc5 11. Nh4 g6 12. Bh6 Re8 13. Qe3 Nh5 14. Nf3 Ne6 15. Bxe6 Bxe6 16. Rfd1 f6 17. Ne2 b6 18. g4 Bc5 19. Qc3 Ng7 20. Be3 Bd6 21. Ng3 f5 22. exf5 gxf5 23. gxf5 Nxf5 24. Qd3 Qg7 25. Kh2 e4 26. Qxd6 Nxd6 27. Nh5 Qc7 28. Bf4 Qf7 29. Rg1+ Kf8 30. Bh6+ Ke7 31. Bg5+ Kd7 32. Ne5+ Kc7 33. Nxf7 Bxf7 34. Ng7 Re5 35. Bf4 Rd5 36. Rad1 Rd8 37. Rxd5 cxd5 38. Nf5 Bg6 39. Nxd6 Rxd6 40. Rd1 Kc6 41. Bxd6 Kxd6 42. c4 Bf7 43. Kg3 Kc5 44. cxd5 Bxd5 45. Kf4 Bc6 46. Rc1+ Kd5 47. b3 b5 48. axb5 Bxb5 49. Rc7 Bd3 50. Ke3 1-0

[Event "BCF-chT4S 1718 (4NCL)"]
[Site "England"]
[Date "2018.02.11"]
[Round "6.25"]
[White "Stamatopoulos, Apostolos"]
[Black "Mashayekh, Majid"]
[Result "1/2-1/2"]
[WhiteElo "1797"]
[BlackElo "1913"]
[PlyCount "126"]
[EventDate "2017.11.11"]
[EventType "team-swiss"]
[EventRounds "11"]
[EventCountry "ENG"]
[SourceTitle "EXT 2020"]
[Source "ChessBase"]
[SourceDate "2019.10.17"]
[SourceVersion "1"]
[SourceVersionDate "2019.10.17"]
[SourceQuality "1"]
[WhiteTeam "All Anands on Deck"]
[BlackTeam "CSC Dragons II"]
[WhiteTeamCountry "ENG"]
[BlackTeamCountry "ENG"]

1. d4 c5 2. e3 d5 3. Nf3 Nf6 4. b3 cxd4 5. exd4 Bg4 6. Bb2 e6 7. Nbd2 Nc6 8. Be2 Be7 9. 0-0 0-0 10. h3 Bxf3 11. Nxf3 Rc8 12. a3 Ne4 13. Bd3 f5 14. Qe2 Qe8 15. c4 Qh5 16. b4 Rfe8 17. Rac1 Bf6 18. Rfd1 Ng5 19. Nxg5 Qxe2 20. Bxe2 Bxg5 21. Rc2 Ne7 22. c5 a6 23. g3 Nc6 24. Bc3 f4 25. h4 Bf6 26. Kg2 fxg3 27. fxg3 Rcd8 28. Bf3 Ne7 29. Re2 Nf5 30. a4 Kf7 31. Kf2 Ra8 32. Rb2 Re7 33. Be2 Rc7 34. Rb3 e5 35. dxe5 d4 36. exf6 dxc3 37. fxg7 c2 38. Rc1 Kxg7 39. Rd3 Rf8 40. Kg1 a5 41. Rxc2 axb4 42. Bg4 b3 43. Rb2 Rxc5 44. Rdxb3 Nd6 45. Rd2 Rf6 46. Rbd3 Rc4 47. Be2 Nf7 48. Rd7 Rxa4 49. Rxb7 Kg6 50. g4 Ne5 51. Rd5 Re6 52. Rd8 h6 53. Rg8+ Kf6 54. Rf8+ Kg6 55. Rg8+ Kf6 56. Rh7 Nf7 57. Rgg7 Ne5 58. Rg8 Nf7 59. Rf8 Re7 60. g5+ hxg5 61. hxg5+ Kxg5 62. Rg8+ Kf6 63. Rg2 Rf4 1/2-1/2

[Event "EU-chT Seniors 65"]
[Site "Novi Sad"]
[Date "2017.06.29"]
[Round "5.1"]
[White "Mashayekh, Majid"]
[Black "Sorensen, Bent"]
[Result "1/2-1/2"]
[WhiteElo "1919"]
[BlackElo "2255"]
[PlyCount "81"]
[EventDate "2017.06.25"]
[EventType "team-tourn"]
[EventRounds "9"]
[EventCountry "SRB"]
[SourceTitle "CBM 179 Extra"]
[Source "ChessBase"]
[SourceDate "2017.08.23"]
[SourceVersion "1"]
[SourceVersionDate "2017.08.23"]
[SourceQuality "1"]
[WhiteTeam "England 65"]
[BlackTeam "Denmark 65"]
[WhiteTeamCountry "ENG"]
[BlackTeamCountry "DEN"]

1. c4 e6 2. d4 d5 3. Nf3 c6 4. Nc3 Nf6 5. e3 Nbd7 6. Qc2 Bd6 7. Bd3 0-0 8. 0-0 dxc4 9. Bxc4 b5 10. Bd3 Bb7 11. e4 e5 12. h3 Rc8 13. Bg5 h6 14. dxe5 Nxe5 15. Nxe5 hxg5 16. Ng4 Nxg4 17. hxg4 Qf6 18. Qe2 b4 19. e5 Qxe5 20. Qxe5 Bxe5 21. Na4 c5 22. Rac1 Bd4 23. Bf5 Rc7 24. Rc2 g6 25. Bd3 Rd8 26. Bc4 Bc8 27. Be2 Re7 28. Bf3 Be6 29. b3 Bd5 30. Nb2 Bxf3 31. gxf3 Bxb2 32. Rxb2 Rd3 33. Rc1 Rxf3 34. Rxc5 Rf4 35. Rxg5 Kg7 36. Kg2 Kf6 37. Ra5 Rxg4+ 38. Kf3 Rd4 39. Rc2 Kg7 40. Ra6 g5 41. Rc5 1/2-1/2

[Event "EU-chT Seniors 65"]
[Site "Novi Sad"]
[Date "2017.06.27"]
[Round "3.2"]
[White "Pushkov, Nikolai"]
[Black "Mashayekh, Majid"]
[Result "1-0"]
[WhiteElo "2339"]
[BlackElo "1919"]
[PlyCount "77"]
[EventDate "2017.06.25"]
[EventType "team-tourn"]
[EventRounds "9"]
[EventCountry "SRB"]
[SourceTitle "CBM 179 Extra"]
[Source "ChessBase"]
[SourceDate "2017.08.23"]
[SourceVersion "1"]
[SourceVersionDate "2017.08.23"]
[SourceQuality "1"]
[WhiteTeam "Russia 65"]
[BlackTeam "England 65"]
[WhiteTeamCountry "RUS"]
[BlackTeamCountry "ENG"]

1. d4 Nf6 2. c4 e6 3. Nf3 b6 4. g3 Bb7 5. Bg2 Be7 6. Nc3 0-0 7. 0-0 d6 8. d5 e5 9. e4 Bc8 10. Ne1 Ne8 11. Nd3 a5 12. f4 Nd7 13. Be3 exf4 14. gxf4 Bf6 15. Qd2 Ba6 16. b3 a4 17. Rae1 axb3 18. axb3 Nc5 19. Bxc5 bxc5 20. e5 Bh4 21. Ra1 Bb7 22. Ne4 Rb8 23. b4 cxb4 24. Nxb4 f5 25. Ng3 Qe7 26. Nd3 dxe5 27. fxe5 Bg5 28. Qf2 Bc8 29. Qd4 f4 30. Ne4 Bg4 31. Nxg5 Qxg5 32. Rxf4 Rxf4 33. Qxf4 Qxf4 34. Nxf4 g6 35. c5 Rb4 36. Nd3 Rd4 37. Nf2 Bf5 38. Rd1 Rc4 39. c6 1-0

[Event "Gibraltar Challenger op-B"]
[Site "Caleta"]
[Date "2017.01.29"]
[Round "2"]
[White "Bottema, Martin"]
[Black "Mashayekh, Majid"]
[Result "1/2-1/2"]
[WhiteElo "2128"]
[BlackElo "1944"]
[PlyCount "77"]
[EventDate "2017.01.28"]
[EventType "swiss"]
[EventRounds "5"]
[EventCountry "GGB"]
[SourceTitle "EXT 2018"]
[Source "ChessBase"]
[SourceDate "2017.10.13"]
[SourceVersion "1"]
[SourceVersionDate "2017.10.13"]
[SourceQuality "1"]

1. c4 Nf6 2. Nc3 e6 3. Nf3 d5 4. d4 Be7 5. Bf4 c6 6. e3 Nbd7 7. c5 Nh5 8. Bd3 Nxf4 9. exf4 b6 10. b4 a5 11. a3 Qc7 12. g3 Bf6 13. Ne5 g6 14. 0-0 axb4 15. axb4 Rxa1 16. Qxa1 bxc5 17. bxc5 Bxe5 18. fxe5 0-0 19. f4 Bb7 20. Rb1 Ra8 21. Qb2 Bc8 22. Ra1 Qb8 23. Qxb8 Rxa1+ 24. Qb1 Rxb1+ 25. Nxb1 Kf8 26. Kf2 Ke7 27. Nd2 Nb8 28. g4 h6 29. h4 Ba6 30. Ke3 Bxd3 31. Kxd3 Na6 32. Nf1 Nb4+ 33. Kc3 Na2+ 34. Kd2 f5 35. exf6+ Kxf6 36. Ne3 g5 37. fxg5+ hxg5 38. h5 Nb4 39. Nc2 1/2-1/2

[Event "Gibraltar Challenger op-A"]
[Site "Caleta"]
[Date "2017.01.27"]
[Round "5"]
[White "Newbry, Benjamin J"]
[Black "Mashayekh, Majid"]
[Result "1/2-1/2"]
[WhiteElo "1879"]
[BlackElo "1944"]
[PlyCount "101"]
[EventDate "2017.01.23"]
[EventType "swiss"]
[EventRounds "5"]
[EventCountry "GGB"]
[SourceTitle "CBM 176 Extra"]
[Source "ChessBase"]
[SourceDate "2017.03.02"]
[SourceVersion "1"]
[SourceVersionDate "2017.03.02"]
[SourceQuality "1"]

1. f4 d5 2. Nf3 Nf6 3. e3 e6 4. b3 Be7 5. Bb2 Nbd7 6. Bb5 c6 7. Be2 Qb6 8. 0-0 0-0 9. Qe1 Re8 10. Ne5 Nf8 11. d4 Ne4 12. Bd3 f6 13. Nc4 Qc7 14. Bxe4 dxe4 15. Nbd2 b5 16. Na3 f5 17. c4 Ba6 18. Qe2 Bb4 19. cxb5 cxb5 20. Rac1 Qa5 21. Ndb1 Rac8 22. Nc2 Be7 23. Qd2 Qxd2 24. Nxd2 Rc7 25. Na3 Rec8 26. Kf2 Nd7 27. Rxc7 Rxc7 28. Rc1 Rxc1 29. Bxc1 Nb6 30. Nc2 Nd5 31. a3 Kf7 32. b4 g5 33. g3 gxf4 34. exf4 Nc3 35. Nb3 Bb7 36. Nc5 Bc6 37. Ke3 Bf6 38. Kd2 Nd5 39. Bb2 h5 40. h4 Ke7 41. Ne3 Nxe3 42. Kxe3 Bd5 43. Bc3 Kd6 44. Bb2 Bd8 45. Kd2 a5 46. Bc1 axb4 47. axb4 Bb6 48. Kc3 Bc4 49. Be3 Bd5 50. Bf2 Kc6 51. Be3 1/2-1/2

[Event "BCF-chT4S 1617 (4NCL)"]
[Site "England"]
[Date "2017.01.14"]
[Round "3.94"]
[White "Phillips, William"]
[Black "Mashayekh, Majid"]
[Result "1/2-1/2"]
[WhiteElo "1849"]
[BlackElo "1944"]
[PlyCount "78"]
[EventDate "2016.11.26"]
[EventType "team-swiss"]
[EventRounds "11"]
[EventCountry "ENG"]
[SourceTitle "EXT 2019"]
[Source "ChessBase"]
[SourceDate "2018.10.10"]
[SourceVersion "1"]
[SourceVersionDate "2018.10.10"]
[SourceQuality "1"]
[WhiteTeam "Cambridge University III"]
[BlackTeam "CSC Rhinos"]
[WhiteTeamCountry "ENG"]
[BlackTeamCountry "ENG"]

1. d4 Nf6 2. Nf3 e6 3. c4 Bb4+ 4. Bd2 Qe7 5. Nc3 0-0 6. Qc2 b6 7. e3 Bb7 8. Bd3 d6 9. a3 Bxc3 10. Bxc3 Nbd7 11. e4 e5 12. d5 Nc5 13. 0-0 Qd7 14. b4 Nxd3 15. Qxd3 Qg4 16. Rae1 Nh5 17. Bd2 Bc8 18. h3 Nf4 19. Bxf4 Qxf4 20. Qe3 Qxe3 21. Rxe3 f5 22. exf5 Bxf5 23. Nh4 a5 24. Nxf5 Rxf5 25. b5 Rf4 26. Rc1 Raf8 27. Rc2 Rd4 28. g3 h5 29. Kf1 h4 30. Ke2 Rf6 31. Rcc3 hxg3 32. fxg3 e4 33. Rc1 Kf7 34. Rec3 Rg6 35. Ke3 Rd3+ 36. Kxe4 Rdxg3 37. Rf1+ Ke7 38. Rxg3 Rxg3 39. Rf3 Rg1 1/2-1/2

[Event "BCF-ch 103rd U180/2050"]
[Site "Bournemouth"]
[Date "2016.07.26"]
[Round "2"]
[White "Mashayekh, Majid"]
[Black "Rushbrooke, Tibo"]
[Result "1-0"]
[WhiteElo "1922"]
[BlackElo "1515"]
[PlyCount "62"]
[EventDate "2016.07.25"]
[EventType "swiss"]
[EventRounds "5"]
[EventCountry "ENG"]
[SourceTitle "EXT 2019"]
[Source "ChessBase"]
[SourceDate "2018.10.10"]
[SourceVersion "1"]
[SourceVersionDate "2018.10.10"]
[SourceQuality "1"]

1. d4 f5 2. c4 Nf6 3. Nf3 e6 4. g3 Be7 5. Bg2 0-0 6. 0-0 d6 7. Nc3 Nbd7 8. Ng5 Nb6 9. Qb3 Ng4 10. f4 Kh8 11. h3 Nf6 12. Be3 d5 13. cxd5 exd5 14. Rac1 c6 15. Na4 Nxa4 16. Qxa4 Ne4 17. Nxe4 fxe4 18. Qb3 Qe8 19. Bd2 h5 20. h4 Bf6 21. e3 Rb8 22. Bb4 Rg8 23. Bd6 Ra8 24. Kh2 Qe6 25. Be5 Rf8 26. Qd1 Qf7 27. Rc2 Bg4 28. Qd2 Bxe5 29. fxe5 Qg6 30. Qb4 Rxf1 31. Bxf1 Rf8 1-0

[Event "BCF-ch Seniors 65"]
[Site "Bournemouth"]
[Date "2016.07.24"]
[Round "1"]
[White "Mashayekh, Majid"]
[Black "Byway, Paul V"]
[Result "1/2-1/2"]
[WhiteElo "1922"]
[BlackElo "2069"]
[PlyCount "61"]
[EventDate "2016.07.24"]
[EventType "swiss"]
[EventRounds "7"]
[EventCountry "ENG"]
[SourceTitle "CBM 173 Extra"]
[Source "ChessBase"]
[SourceDate "2016.08.29"]
[SourceVersion "1"]
[SourceVersionDate "2016.08.29"]
[SourceQuality "1"]

1. Nf3 d5 2. e3 Nf6 3. b3 Bg4 4. Bb2 Nbd7 5. d4 e6 6. Be2 Be7 7. 0-0 0-0 8. c4 dxc4 9. bxc4 c5 10. Nc3 cxd4 11. exd4 Qa5 12. h3 Bh5 13. Qb3 Qb4 14. c5 Qxb3 15. axb3 Nd5 16. Nxd5 exd5 17. Rfe1 Nf6 18. Bb5 Bd8 19. Ne5 Bc7 20. g4 Bg6 21. Nxg6 fxg6 22. f3 Bf4 23. Re7 a6 24. Ba4 Rab8 25. b4 Ne8 26. Re2 Nc7 27. Kg2 b6 28. cxb6 Rxb6 29. Bc3 Rbf6 30. Rf1 Bd6 31. Bb3 1/2-1/2

[Event "WchT Seniors 65"]
[Site "Radebeul"]
[Date "2016.07.03"]
[Round "8.14"]
[White "Lehtosaari, Kalevi"]
[Black "Mashayekh, Majid"]
[Result "1-0"]
[WhiteElo "1953"]
[BlackElo "1922"]
[PlyCount "69"]
[EventDate "2016.06.26"]
[EventType "team-swiss"]
[EventRounds "9"]
[EventCountry "GER"]
[SourceTitle "CBM 173 Extra"]
[Source "ChessBase"]
[SourceDate "2016.08.29"]
[SourceVersion "1"]
[SourceVersionDate "2016.08.29"]
[SourceQuality "1"]
[WhiteTeam "Turku"]
[BlackTeam "England II"]
[WhiteTeamCountry "FIN"]
[BlackTeamCountry "ENG"]

1. c4 e5 2. Nc3 Nc6 3. g3 g6 4. Bg2 Bg7 5. Nf3 d6 6. 0-0 Nge7 7. e3 Bg4 8. h3 Be6 9. b3 0-0 10. d4 exd4 11. exd4 Bf5 12. Bg5 Qd7 13. Kh2 f6 14. Be3 g5 15. d5 Nb4 16. Nd4 Bg6 17. Ne6 Rf7 18. Ne4 Nf5 19. Bc1 Bh8 20. Bb2 a5 21. Qd2 b6 22. f4 h6 23. Qc3 Kh7 24. g4 Nh4 25. f5 Bxf5 26. gxf5 Rg8 27. Qg3 Na6 28. Bd4 Nc5 29. Bxc5 bxc5 30. Qg4 Re7 31. Qh5 Qe8 32. Qxe8 Rgxe8 33. Nc3 Rb8 34. Nb5 Rb7 35. Rae1 1-0

[Event "WchT Seniors 65"]
[Site "Radebeul"]
[Date "2016.07.01"]
[Round "6.13"]
[White "Mashayekh, Majid"]
[Black "Woeber, Friedrich"]
[Result "1-0"]
[WhiteElo "1922"]
[BlackElo "2116"]
[PlyCount "81"]
[EventDate "2016.06.26"]
[EventType "team-swiss"]
[EventRounds "9"]
[EventCountry "GER"]
[SourceTitle "CBM 173 Extra"]
[Source "ChessBase"]
[SourceDate "2016.08.29"]
[SourceVersion "1"]
[SourceVersionDate "2016.08.29"]
[SourceQuality "1"]
[WhiteTeam "England II"]
[BlackTeam "Niederoesterreich"]
[WhiteTeamCountry "ENG"]
[BlackTeamCountry "AUT"]

1. d4 Nf6 2. Nf3 c5 3. d5 b5 4. a4 Bb7 5. axb5 Bxd5 6. Nc3 Bb7 7. g3 d5 8. Bg2 Nbd7 9. 0-0 Qb6 10. Bf4 d4 11. Na4 Qxb5 12. Qd3 Qxd3 13. cxd3 e6 14. Rfc1 Be7 15. Ne5 Bxg2 16. Kxg2 Rc8 17. b4 Nd5 18. Nxd7 Nxf4+ 19. gxf4 Kxd7 20. Nxc5+ Bxc5 21. bxc5 Rc7 22. Rc4 Ra8 23. Ra6 Rc6 24. Rxd4+ Kc7 25. Ra5 f6 26. Rda4 a6 27. d4 f5 28. Kf3 Kb7 29. Ra1 Rd8 30. e3 Ka7 31. Rg1 Rc7 32. Rb1 Rc6 33. Ke2 Rd7 34. f3 Rf7 35. Rg1 Rb7 36. Rd1 Rcc7 37. e4 g6 38. Rd2 Rb3 39. Rda2 Rc6 40. d5 exd5 41. exd5 1-0

[Event "WchT Seniors 65"]
[Site "Radebeul"]
[Date "2016.06.30"]
[Round "5.4"]
[White "Nordstrom, Felix"]
[Black "Mashayekh, Majid"]
[Result "1/2-1/2"]
[WhiteElo "2093"]
[BlackElo "1922"]
[PlyCount "62"]
[EventDate "2016.06.26"]
[EventType "team-swiss"]
[EventRounds "9"]
[EventCountry "GER"]
[SourceTitle "CBM 173 Extra"]
[Source "ChessBase"]
[SourceDate "2016.08.29"]
[SourceVersion "1"]
[SourceVersionDate "2016.08.29"]
[SourceQuality "1"]
[WhiteTeam "Sweden"]
[BlackTeam "England II"]
[WhiteTeamCountry "SWE"]
[BlackTeamCountry "ENG"]

1. d4 Nf6 2. c4 e6 3. Nc3 d5 4. Bg5 Be7 5. e3 Nbd7 6. Nf3 c6 7. Qc2 0-0 8. Rd1 Re8 9. Bd3 Nf8 10. 0-0 dxc4 11. Bxc4 Nd5 12. Bxe7 Qxe7 13. Ne4 Nf6 14. Bd3 Nxe4 15. Bxe4 Rd8 16. a3 Bd7 17. b4 Be8 18. Qc3 f6 19. Nd2 Bh5 20. Rc1 Bg6 21. f4 Bxe4 22. Nxe4 Nd7 23. Qb3 f5 24. Ng5 Re8 25. g3 h6 26. Nf3 Kh7 27. Rfe1 Nf6 28. a4 Red8 29. Ne5 Rd5 30. Rc4 Ne4 31. Qb2 a6 1/2-1/2

[Event "Gibraltar Challengers-A 14th"]
[Site "Caleta"]
[Date "2016.01.28"]
[Round "4"]
[White "Kozarcanin, Sead"]
[Black "Mashayekh, Majid"]
[Result "1-0"]
[WhiteElo "2073"]
[BlackElo "1945"]
[PlyCount "110"]
[EventDate "2016.01.25"]
[EventType "swiss"]
[EventRounds "5"]
[EventCountry "GGB"]
[SourceTitle "CBM 170 Extra"]
[Source "ChessBase"]
[SourceDate "2016.02.25"]
[SourceVersion "1"]
[SourceVersionDate "2016.02.25"]
[SourceQuality "1"]

1. e4 c5 2. Ne2 Nc6 3. Nbc3 g6 4. g3 Bg7 5. Bg2 d6 6. d3 e6 7. Be3 Nd4 8. f4 Rb8 9. Bf2 Ne7 10. Nxd4 cxd4 11. Ne2 Nc6 12. 0-0 0-0 13. c3 dxc3 14. bxc3 Qa5 15. d4 d5 16. Qb3 Rd8 17. Nc1 b6 18. Rd1 Ba6 19. exd5 exd5 20. Nd3 Rbc8 21. Qb2 Bf8 22. a4 Bxd3 23. Rxd3 Qa6 24. Qb5 Qxb5 25. axb5 Na5 26. f5 Kg7 27. Rf3 f6 28. fxg6 hxg6 29. g4 Rc7 30. h4 Nb3 31. Ra2 Bd6 32. h5 Na5 33. hxg6 Kxg6 34. Bh4 Rf8 35. Raf2 Be7 36. Re2 Rf7 37. Be1 Nc4 38. Rf5 Nd6 39. Rxd5 Nc4 40. Bg3 Rc8 41. Be4+ Kg7 42. Rh5 Nd6 43. Bd5 Rxc3 44. Be1 Rc7 45. Bxf7 Nxf7 46. Rd5 Bd6 47. Re6 Bf4 48. Rc6 Re7 49. Bb4 Be3+ 50. Kg2 Re4 51. Kf3 Re8 52. Rd7 Kg6 53. Bc3 Ng5+ 54. Kg3 Ne4+ 55. Kg2 Rh8 1-0

[Event "BCF-chT2 9900 (4NCL)"]
[Site "Birmingham"]
[Date "1999.11.21"]
[Round "4.7"]
[White "Mills, Natalie"]
[Black "Mashayekh, Majid"]
[Result "0-1"]
[WhiteElo "2010"]
[BlackElo "2006"]
[PlyCount "90"]
[EventDate "1999.10.??"]
[EventType "team"]
[EventRounds "11"]
[EventCountry "ENG"]
[SourceTitle "EXT 2001"]
[Source "ChessBase"]
[SourceDate "2000.11.22"]
[SourceVersion "1"]
[SourceVersionDate "2000.11.22"]
[SourceQuality "1"]
[WhiteTeam "Invicta Knights Maidstone II"]
[BlackTeam "Slough II"]
[WhiteTeamCountry "ENG"]
[BlackTeamCountry "ENG"]

1. d4 Nf6 2. Bg5 Ne4 3. Bf4 c5 4. f3 Qa5+ 5. c3 Nf6 6. d5 d6 7. e4 Nbd7 8. a4 g6 9. Nd2 Bg7 10. Nc4 Qc7 11. Qd2 Nb6 12. a5 Nxc4 13. Bxc4 0-0 14. Bh6 Re8 15. Bxg7 Kxg7 16. Ne2 Bd7 17. 0-0 b5 18. Bd3 Rab8 19. Ng3 c4 20. Be2 Qc5+ 21. Qd4 Rec8 22. f4 b4 23. Qxc5 Rxc5 24. Rfc1 bxc3 25. bxc3 h5 26. h4 Rbb5 27. Ra4 Rxa5 28. Rxa5 Rxa5 29. Bxc4 Ra4 30. Bb3 Ra3 31. Bc4 a5 32. Kf2 Ra4 33. Bd3 e6 34. dxe6 fxe6 35. Ke3 Ng4+ 36. Kf3 Bc6 37. Ke2 d5 38. e5 Rxf4 39. Nh1 Nxe5 40. g3 Nxd3 41. Kxd3 Bb5+ 42. Kd2 Rf3 43. Ra1 a4 44. Rb1 Bf1 45. Ke1 Bc4 0-1